| 000 | 00425nam a2200121Ia 4500 | ||
|---|---|---|---|
| 008 | 210430s9999 xx 000 0 und d | ||
| 082 | _a600.1 C395 P | ||
| 100 | _aIrfan Majid | ||
| 245 |
_aProceedings of 6th International Bhurban Conference on Applied Science & Technology Volume II _cIrfan Majid |
||
| 260 |
_aIslamabad _bCentres of Excellence In Science & Applied Technologies _c2009 |
||
| 300 | _a296p. | ||
| 942 |
_cBK _2ddc |
||
| 999 |
_c564453 _d564453 |
||